Trouver le manga grâce au personnage #1 - Statistiques

Statistiques générales
  • Ce quiz a été pris 19 fois
  • Le résultat moyen est 4 sur 15
Statistiques - réponses
Hint Réponse % Correct
Itsuki Nakano The Quintessential Quintuplets
87%
Ringo Noyamano Air Gear
40%
Rin Eba A Town Where You Live
27%
Miwa Inuzuka How Do We Relationship
27%
Yuna Amagami How I Married An Amagami Sister
27%
Hana Bradley Kindergarten WARS
27%
Miki Hashiba Suzuka
27%
Kokon Aikawa Love Agency
20%
Makoto Tsukimoto Ping Pong
20%
Honeko Akabane Secret Bodyguard
20%
Oka Makuzawa The Café Terrace and Its Goddesses
20%
Jackie Momochi Billy Bat
7%
Hiyori Kusakabe Comment en finir avec son ex
7%
Nagi Hibiya Kamisama School
7%
Yuta Koizumi Princess Lucia
7%
Aucun quiz correspondant
Distribution des résultats
% des personnes avec chaque résultat
Percentile par nombre de réponses
Votre historique - résultats
Vous n’avez pas pris ce quiz